000 01517nam a2200349 c 4500
999 _c182528
_d182528
003 BLK
005 20220720131839.0
008 180411b bul|||||r ||||||| ||bul||
010 _aKNG00191453000
040 _aBLK
041 _aBUL
_cBUL
080 _aБългарска литература
_b821.163.2
_z821.163.2
080 _aЛитературна естетика. Философия на литературата
_b82.01
_z82.01
100 1 _aДанчев, Пенчо
_eпърви автор
_9379694
139 _aДанчев, Пенчо
_bД 22
245 1 0 _aКритика и естетика
_cПенчо Данчев.
250 _a2. изд
257 _aBGR
260 _aСофия
_bБълг. писател
_c1972
300 _a340 с.
_c21 см
380 _a82
500 _a1. изд. 1970.- Очерци за творчеството на Н. Фурнаджиев, А. Далчев, В. Ханчев, Н. Андреев, В. Петров, П. Пенев, П. Караангов, А. Германов, Л. Левчев и статии по лит. естетика
650 4 _aПоети, български - литературна критика
_9266140
653 _aбългарска литература
653 _aлитературна критика
653 _aестетика
852 _aЦб 65702
_bЦб
856 4 _qpdf
856 4 _qpdf
942 _cKNG
_n0
_s1
944 _aCR
_c04.10.2016
_kХристина_Везирева
944 _aED
_c04.10.2016
_kХристина_Везирева
944 _aED
_c2022-07-20
_kВП
999 _d182528